Der Hauptstadt-Code - Statistiken

Allgemein
  • Dieses Quiz wurde 111 mal gespielt
  • Das Durchschnittsergebnis liegt bei 6 aus 10
Antwortstatistiken
% Korrekt
Hanoi - Baku - Rabat - Lissabon - Reykjavik - Kigali Vampir
91%
Vientiane - Canberra - Bamako - Tirana Lama
76%
Dhaka - Wien - Moskau - Castries - Tallinn Börse
64%
Gaborone - Jerewan - Oslo - Luanda - Pjöngjang - Yamoussoukro Banane
56%
Astana - Malabo - Niamey - Athen - Taschkent - Bukarest - Kampala Känguru
52%
Duschanbe - Maskat - Bagdad - Tripolis - Quito - Funafuti - Lomé - Tallinn Toilette
52%
Freetown - San José - Port-au-Prince - Rom - Vaduz - Roseau Schild
51%
Nikosia - Dili - Nouakchott - Porto-Novo - Neu-Delhi - Mbabane Zombie
50%
Tegucigalpa - Kabul - Budapest - Port Moresby - Nuku'alofa - Damaskus - N'Djamena - Buenos Aires - Santo Domingo - Dodoma Hauptstadt
44%
Bangui - St. John's - Kathmandu - Conakry - Asmara Zange
36%
Keine übereinstimmenden Quizze gefunden
Verteilung der Resultate
Anzahl Personen mit jedem Resultat
Perzentil nach korrekt beantworteten Fragen
Ihre Resultats-Entwicklung
Sie haben dieses Quiz noch nicht gespielt